[Event "Dundee & Angus Minor"]
[Site "Dundee"]
[Date "2015.10.09"]
[Round "?"]
[White "Dutta, Nandini"]
[Black "Bridges, David"]
[Result "1-0"]
[WhiteElo "972"]
[BlackElo "1240"]
[PlyCount "91"]
[EventDate "2015.10.09"]
[EventType "swiss"]
[EventRounds "5"]
[EventCountry "SCO"]
[SourceTitle "EXT 2023"]
[Source "ChessBase"]
[SourceDate "2022.10.05"]
[SourceVersion "1"]
[SourceVersionDate "2022.10.05"]
[SourceQuality "1"]

1. e4 e5 2. Nf3 Nc6 3. Bb5 Nge7 4. d4 exd4 5. Nxd4 Nxd4 6. Qxd4 a6 7. Ba4 c6 8. 0-0 d5 9. exd5 Qxd5 10. Be3 Qxd4 11. Bxd4 Nf5 12. Re1+ Be6 13. Bb6 Be7 14. Nd2 0-0 15. Bb3 Bxb3 16. Nxb3 Rae8 17. Rad1 f6 18. Rd7 Bd6 19. Rd1 Rf7 20. Rxf7 Kxf7 21. g3 h5 22. h3 Re6 23. g4 hxg4 24. hxg4 Re2 25. gxf5 Be5 26. Rd7+ Kg8 27. Nd4 Bxd4 28. Bxd4 Rxc2 29. Rxb7 Rc1+ 30. Kg2 c5 31. Bc3 Rd1 32. Rb6 Rd5 33. Rxa6 Rxf5 34. a3 Kh7 35. b4 cxb4 36. axb4 g5 37. Ra5 Rf4 38. b5 Kg6 39. b6 Re4 40. b7 Re8 41. Ra8 Rxa8 42. bxa8Q f5 43. Qe8+ Kh6 44. Qh8+ Kg6 45. Qg7+ Kh5 46. Bf6 1-0